The San Francisco earthquake.

Bibliographic Details
Format: Serial
Language:English
Published: [San Francisco] : [publisher not identified]
Subjects:
Online Availability: Check for online availability

MARC

Tag First Indicator Second Indicator Subfields
LEADER 00000cas a2200000 4500
001 in00004344607
005 20230228180738.9
008 741126u1967uuuucauqx 0 a0eng
010 |a  74646954  
016 7 |a 011745576  |2 DE-101 
016 7 |a 280809-2  |2 DE-600 
019 |a 977576753 
022 |a 0036-4126  |l 0036-4126  |2 1 
035 |a (OCoLC)ocm01795559 
035 |a (OCoLC)1795559  |z (OCoLC)977576753 
037 |b 1562 Grant Avenue, 94133 
040 |a DLC  |b eng  |c DLC  |d NST  |d NSD  |d IUL  |d OCLCQ  |d DEBBG  |d GBVCP  |d OCLCO  |d OCLCF  |d OCLCO  |d GILDS  |d OCLCQ  |d PAU  |d DLC  |d OCLCQ  |d CNO  |d OCLCO  |d OCLCQ  |d TXA  |d UtOrBLW 
042 |a pcc  |a nsdp 
049 |a TXAM 
050 0 0 |a NX1  |b .S23 
082 0 4 |a 700/.5 
222 0 |a San Francisco earthquake 
245 0 4 |a The San Francisco earthquake. 
264 1 |a [San Francisco] :  |b [publisher not identified] 
300 |a volumes :  |b illustrations ;  |c 21 cm 
310 |a 4 no. a year 
336 |a text  |b txt  |2 rdacontent 
337 |a unmediated  |b n  |2 rdamedia 
338 |a volume  |b nc  |2 rdacarrier 
362 0 |a v. 1- Fall 1967- 
500 |a The Cushing Library/Women & Gender Studies copy was acquired as part of The Don Kelly Research Collection of Gay Literature and Culture.  |5 TXA 
500 |a The Cushing Library/Women & Gender Studies copy of volume 1:no.4 is signed by William S. Burroughs and Allen Ginsberg at their contribution listing. 
500 |a Some issues purchased for the Cushing Library/Women & Gender Studies collection by The Cushing Library. 
650 0 |a Arts  |v Periodicals.  |0 http://id.loc.gov/authorities/subjects/sh2007100726 
650 0 |a Literature, Modern  |y 20th century  |v Periodicals.  |0 http://id.loc.gov/authorities/subjects/sh2008107051 
650 7 |a Arts.  |2 fast  |0 (OCoLC)fst00817721 
655 7 |a Periodicals.  |2 fast  |0 (OCoLC)fst01411641 
655 7 |a Periodicals.  |2 lcgft  |0 http://id.loc.gov/authorities/genreForms/gf2014026139 
700 1 |a Burroughs, William S.,  |d 1914-1997,  |e autographer.  |5 TXA  |0 http://id.loc.gov/authorities/names/n79026862 
700 1 |a Ginsberg, Allen,  |d 1926-1997,  |e autographer.  |5 TXA  |0 http://id.loc.gov/authorities/names/n79109040 
776 0 8 |i Online version:  |t San Francisco earthquake  |w (OCoLC)681719392 
850 |a AzTeS  |a DLC  |a IaU  |a InU 
994 |a C0  |b TXA 
948 |a cataloged  |b h  |c 2020/8/21  |d c  |e nbehmer  |f 11:55:15 am 
999 f f |s c3ade307-e7fe-3b1d-af69-52a2249c30e7  |i c77fe90c-2518-379e-93d1-172b7e5e4d6b  |t 0 
952 f f |p noncirc  |a Texas A&M University  |b College Station  |c Cushing Memorial Library & Archives  |d Cushing: Women & Gender Studies (Does not check out)  |t 0  |e NX1 .S23  |h Library of Congress classification  |i unmediated -- volume 
952 f f |p noncirc  |a Texas A&M University  |b College Station  |c Cushing Memorial Library & Archives  |d Cushing: Women & Gender Studies (Does not check out)  |t 0  |e NX1 .S23  |h Library of Congress classification  |i unmediated -- volume  |k v.1:no.1  |l 1967:Fall  |m A1485298482I 
998 f f |a NX1 .S23  |s v.1:no.4 (1968:Summer/Fall)  |t 0  |l Cushing: Women & Gender Studies (Does not check out)